Mercosur (Registro nro. 18442)
[ vista simple ]
| 000 -LEADER | |
|---|---|
| fixed length control field | 00534 a2200157 4500 |
| 001 - CONTROL NUMBER | |
| control field | ART_43242 |
| 005 - DATE AND TIME OF LATEST TRANSACTION | |
| control field | 20260410161737.0 |
| 008 - FIXED-LENGTH DATA ELEMENTS--GENERAL INFORMATION | |
| fixed length control field | 260409a |
| 100 1# - MAIN ENTRY--PERSONAL NAME | |
| Personal name | Nofal, Beatriz |
| 245 10 - TITLE STATEMENT | |
| Title | Mercosur |
| 700 1# - ADDED ENTRY--PERSONAL NAME | |
| Personal name | Mayoral, Alejandro |
| 700 1# - ADDED ENTRY--PERSONAL NAME | |
| Personal name | Fortini, Hernando L. |
| 700 1# - ADDED ENTRY--PERSONAL NAME | |
| Personal name | Ferreira Lima, Leocy |
| 700 1# - ADDED ENTRY--PERSONAL NAME | |
| Personal name | Correa, Luiz Felipe de Seixas |
| 773 0# - HOST ITEM ENTRY | |
| Title | Ejecutivos de finanzas |
| Related parts | ¿Quiénes estarán trabajando en el año 2000? ¿Quién protege a los accionistas? - Año 13, Nº 140 (oct. 1997) |
| Record control number | REV2863 |
No hay ítems disponibles.